Les 7 jeux de sociétés les plus vendus au monde - Statistiques

Statistiques générales
  • Ce quiz a été pris 163 fois
  • Le résultat moyen est 3 sur 7
Statistiques - réponses
classement jeux % Correct
3 Monopoly
98%
1 Les échecs
45%
5 Cluedo
41%
2 Les Dames
37%
4 Scrabble
34%
7 Trivial Pursuit
17%
6 Bataille Navale
10%
Aucun quiz correspondant
Distribution des résultats
% des personnes avec chaque résultat
Percentile par nombre de réponses
Votre historique - résultats
Vous n’avez pas pris ce quiz